| 000 | 00346nam a22001457a 4500 | ||
|---|---|---|---|
| 003 | SGT | ||
| 020 | _a9780141984230 | ||
| 082 |
_a070 _bS14O |
||
| 100 | _aORWELL, GEORGE | ||
| 245 | _aSEEING THINGS AS THEY ARE : SELECTED JOURNALISM & OTHER WRITINGS | ||
| 260 |
_bPENGUIN BOOKS _c2014 |
||
| 300 | _a485 | ||
| 650 | _aJOURNALISM | ||
| 942 |
_2ddc _cBK |
||
| 999 |
_c28528 _d28528 |
||